000 00599nam a22002057a 4500
005 20250320153946.0
010 _aENG-144160
020 _a978020102458
_c180.00
035 _aEN-127692
037 _bDBAD
082 _a910
245 _aInspired Geography /
260 _aTelangana
_bOrient BlackSwan
_c2018
270 _a3-6-752 Himayatnagar , Hyderabad
_bHyderabad
_e500 029
_mcentraloffice@orientblackswan.com
300 _a134p.
_c27 cm.(Pb)
490 _vvol 1
500 _aStories of vedanta monks
700 _aSwami chetanananda
_976691
942 _2ddc
_cEN
_h910
999 _c210344
_d210344